A home of my own (Record no. 103236)
[ view plain ]
| 000 -LEADER | |
|---|---|
| fixed length control field | 01039cam a2200229 4500 |
| 001 - CONTROL NUMBER | |
| control field | J124478 |
| 008 - FIXED-LENGTH DATA ELEMENTS--GENERAL INFORMATION | |
| fixed length control field | 031118n2003 000 0 eng u |
| 035 ## - SYSTEM CONTROL NUMBER | |
| System control number | (Sirsi) u124478 |
| 041 ## - LANGUAGE CODE | |
| Language code of text/sound track or separate title | eng |
| 050 ## - LIBRARY OF CONGRESS CALL NUMBER | |
| Classification number | 306.13 |
| -- | 18 |
| 110 ## - MAIN ENTRY--CORPORATE NAME | |
| Corporate name or jurisdiction name as entry element | Low Cost Home Ownership Task Force |
| 9 (RLIN) | 4583 |
| 245 #2 - TITLE STATEMENT | |
| Title | A home of my own |
| Remainder of title | the report of the government's Low Cost Home Ownership Task Force |
| Medium | [electronic resource] |
| 260 ## - PUBLICATION, DISTRIBUTION, ETC. | |
| Place of publication, distribution, etc. | London |
| Name of publisher, distributor, etc. | Housing Corporation |
| Date of publication, distribution, etc. | 2003 |
| 520 ## - SUMMARY, ETC. | |
| Summary, etc. | A report which examines how those in housing can be helped to meet their home ownership needs in a sustainable and cost effective way. It looks at what can be done to help tenants and those on waiting lists to move into home ownership without the loss of social housing. |
| 650 ## - SUBJECT ADDED ENTRY--TOPICAL TERM | |
| Topical term or geographic name entry element | HOME OWNERSHIP |
| 650 ## - SUBJECT ADDED ENTRY--TOPICAL TERM | |
| Topical term or geographic name entry element | SUSTAINABLE HOME OWNERSHIP |
| 650 ## - SUBJECT ADDED ENTRY--TOPICAL TERM | |
| Topical term or geographic name entry element | TENANTS |
| 650 ## - SUBJECT ADDED ENTRY--TOPICAL TERM | |
| Topical term or geographic name entry element | HOUSING NEEDS |
| 690 ## - LOCAL SUBJECT ADDED ENTRY--TOPICAL TERM (OCLC, RLIN) | |
| Topical term or geographic name as entry element | HOUSING |
| 856 ## - ELECTRONIC LOCATION AND ACCESS | |
| Uniform Resource Identifier | <a href="https://image.guardian.co.uk/sys-files/Society/documents/2003/11/13/HOTF_Report.pdf">https://image.guardian.co.uk/sys-files/Society/documents/2003/11/13/HOTF_Report.pdf</a> |
| Public note | View the report at image.guardian.co.uk |
| 942 ## - ADDED ENTRY ELEMENTS (KOHA) | |
| Suppress in OPAC | 0 |
| Withdrawn status | Lost status | Source of classification or shelving scheme | Damaged status | Not for loan | Home library | Current library | Shelving location | Date acquired | Total Checkouts | Full call number | Barcode | Date last seen | Copy number | Price effective from | Koha item type |
|---|---|---|---|---|---|---|---|---|---|---|---|---|---|---|---|
| Dewey Decimal Classification | Virtual | Virtual | Online | 26/11/2003 | ONLINE PUBLICATION | 124478-1001 | 06/08/2019 | 1 | 06/08/2019 | Book |